000 00404pab a2200145 454500
008 180718b2015 xxu||||| |||| 00| 0 eng d
100 _aTrivedi, Vimal
245 _aEnhance service delivery in urban local government: a case study of Surat municipal corporation
260 _c2015
300 _ap.50-57.
362 _aJan- Mar
650 _aLocal government
773 _aNagarlok
909 _a110271
999 _c110266
_d110266